[Event "CRI-ch (Women)"]
[Site "San Jose"]
[Date "2024.02.03"]
[Round "1"]
[White "Charaja Umana, Nataly Crisbeth"]
[Black "Mayorga Araya, Larissa"]
[Result "0-1"]
[WhiteElo "1431"]
[BlackElo "1204"]
[PlyCount "70"]
[EventDate "2024.02.03"]
[EventType "swiss"]
[EventRounds "9"]
[EventCountry "CRI"]
[SourceTitle "CB08_2024"]
[SourceDate "2024.02.21"]
[SourceVersion "1"]
[SourceVersionDate "2024.02.21"]
[SourceQuality "1"]

1. e4 e5 2. Nf3 Nc6 3. Bb5 a6 4. Bxc6 dxc6 5. d4 exd4 6. Qxd4 Qxd4 7. Nxd4 Nf6 8. Nc3 Bc5 9. Be3 Ng4 10. 0-0-0 Nxe3 11. fxe3 Bd7 12. Rhf1 f6 13. Nf5 Rg8 14. Rd3 0-0-0 15. Rfd1 g6 16. Ng3 Bd6 17. Nce2 Be6 18. a3 Bg4 19. R1d2 c5 20. h3 Be6 21. Nf4 Bf7 22. h4 c4 23. Rd4 c3 24. R2d3 cxb2+ 25. Kb1 g5 26. hxg5 fxg5 27. Nfh5 Be5 28. Rxd8+ Rxd8 29. Rxd8+ Kxd8 30. a4 Bc4 31. Nf5 a5 32. Nd4 c5 33. Nf5 b5 34. axb5 a4 35. b6 a3 0-1